000
00325nam a22001457a 4500
020
_a
978-0-7548-2456-5
082
_a
641.6
_b
DAY
100
_a
DAY , MARTHA
245
_a
500 CAKES AND BAKES
260
_b
ANNES PUBLISHER
_c
2012
300
_a
256
650
_a
FOOD MANAGEMENT
653
_a
CAKES, BAKES
942
_2
ddc
_c
BK
_0
1
999
_c
8107
_d
8107